000 00687nam a2200265Ia 4500
005 20260121170717.0
008 008 260114s9999 xx 000 0 eng d
020 _a9783319911496
037 _aEBOOK
040 _aCRL
040 _beng
040 _cCRL
041 _2eng
041 _aeng
084 _qCRL
100 _aShahid Rahman, Zoe McConaughey, Ansten Klev, Nicolas Clerbout
_91067210
245 0 _aImmanent Reasoning or Equality in Action
260 _bSpringer
260 _bSpringer
260 _c2018
856 _uhttps://link.springer.com/openurl?genre=book&isbn=978-3-319-91149-6
942 _cEBOOK
999 _c1632940
_d1632940